Žijeme v digitální době. Benefity a stravenky na to musí reagovat!

Zmeny na trhu benefitov, novinky v oblasti benefitov. Kľúč k spokojnému zamestnancovi.

Salvato in:
Dettagli Bibliografici
Natura: Capitolo di libro
Lingua:ceco
Soggetti:
Tags: Aggiungi Tag
Nessun Tag, puoi essere il primo ad aggiungerne!!

MARC

LEADER 00000naa a2200000 4500
001 0231286
005 20170607085908.4
041 0 |a cze 
044 |a CZ 
245 1 0 |a Žijeme v digitální době. Benefity a stravenky na to musí reagovat! 
520 |a Zmeny na trhu benefitov, novinky v oblasti benefitov. Kľúč k spokojnému zamestnancovi. 
610 2 0 |a benefity 
610 2 0 |a stravovanie spoločné 
610 2 0 |a digitalizácia 
610 2 0 |a Česko